LOONA Songs (2024) - Statistics

General Stats
  • This quiz has been taken 275 times
  • The average score is 97 of 167
Answer Stats
Hint Answer % Correct
Chuu Heart Attack
92%
Heejin ViViD
90%
Heejin ViViD (Acoustic Mix)
90%
Kim Lip Eclipse
88%
Fl!p that Flip That
88%
HaSeul The Carol
87%
Mix & Match LOONATIC
86%
LOONATIC (Eng) LOONATIC (Eng)
86%
Yves new
86%
Jinsoul Singing In The Rain
86%
The Carol 2.0 The Carol 2.0
86%
The Carol 3.0 The Carol 3.0
86%
The Carol 3.0 The Carol 3.0 (Eng)
86%
+ + Hi High
85%
Choerry Love Cherry Motion
85%
TTYL TTYL
85%
beauty&thebeat love4eva
84%
# So What
84%
Max & Match Sweet Crazy Love
84%
Sweet Crazy Love (Eng) Sweet Crazy Love (Eng)
84%
× × Butterfly
83%
Olivia Hye Egoist
83%
2021 Japan Single HULA HOOP
82%
LOOP LOOP (ft. Lil Cherry)
82%
& PTT(Paint The Town)
82%
12:00 Star
82%
Strawberry Rush Strawberry Rush
82%
Yeojin 키스는 다음에
81%
HaSeul 소년, 소녀
80%
<Dall> Air
79%
Mix & Match ODD
79%
12:00 Why Not?
79%
Hyunjin 다녀가요
78%
Mix & Match Girl Front
78%
<K> Algorithm
77%
Vivi Everyday I Love You
76%
Go Won One & Only
76%
<Version Up> Air Force One
75%
Chuu Girls Talk
75%
Howl Howl
75%
Hyunjin I´ll Be There
75%
Plastic Candy Plastic Candy
75%
Love & Live 지금, 좋아해
74%
Love & Evil 알 수 없는 비밀
73%
+ + favOriTe
73%
Choerry Puzzle
73%
Loossemble Sensitive
73%
Loossemble Sensitive (Eng)
73%
Olivia Hye Rosy
72%
<Dall> Virtual Angel
72%
One Of A Kind Girls' Night
71%
I Did Viola
71%
Yves D-1
70%
# #
69%
Fl!p that Pale Blue Dot
69%
Kim Lip Twilight
68%
× × x x
68%
Vivi Everyday I Need You
67%
12:00 12:00
66%
Jinsoul Love Letter
66%
+ + Stylish
66%
Yeojin My Sunday
65%
2022 Japan Single LUMINOUS
64%
Go Won See Saw
64%
Yeojin My Melody
63%
Max & Match ODD Front
63%
12:00 목소리
62%
+ + 열기 (9)
62%
× × Colors
62%
beauty&thebeat frozen
62%
2021 Japan Single StarSeed ~カクセイ~
61%
Max & Match ADD
60%
LOOP DIORAMA
60%
× × Satellite
60%
<Dall> Birth
59%
Mix & Match Chaotic
58%
<Version Up> Je Ne Sais Quoi
58%
Love & Evil Love & Evil
58%
Mix & Match | One Of A Kind Starlight
58%
Max & Match Uncover
58%
Love & Evil 비의 목소리 51db
57%
I Did DIM
57%
Fl!p that POSE
57%
Prod. by Ryan Jhun Not Friends
56%
+ + Perfect Love
55%
beauty&thebeat rendezvous 18.6y
55%
& U R
55%
# 땡땡땡
54%
# 365
54%
Love & Live 3월을 기다려
53%
& Dance On My Own
53%
& WOW
53%
<Dall> Flower Rhythm
52%
LOOP Goldfish
52%
× × Where You At
52%
+ + + +
51%
& &
51%
<Dall> Candy Crush
51%
TTYL Cotton Candy
50%
Pink Cloud Pink Cloud
50%
I Did Tik Tok
50%
LOONA X COCOMONG 얌얌
49%
beauty&thebeat dal segno
49%
I Did Hashtag
49%
<Version Up> My Secret Playlist
49%
# Oh (Yes I Am)
49%
<Dall> Unf/Air
49%
<Version Up> Lucid
48%
<Dall> Butterfly Effect
47%
× × Curiosity
47%
<K> Video Game
47%
<Dall> The Hitchhiker's Guide to the Galaxy
46%
12:00 숨바꼭질
45%
Loossemble Intro: Searching For Their Friends
45%
# Number 1
45%
12:00 OOPS!
45%
Loossemble Strawberry Soda
45%
Fl!p that The Journey
45%
<Dall> url
45%
Love & Live You and Me Together
45%
Strawberry Rush Chocolate
44%
Strawberry Rush Chocolate- English Version
44%
Love & Live Fairy Tale
44%
I Did Gone Girl
44%
Fl!p that Need U
44%
<Dall> Sparkle
44%
12:00 Universe
43%
<Version Up> 기다렸어?
42%
<Dall> Distress
42%
One Of A Kind Intro (A butterfly's signal)
42%
<Version Up> Love Me Like
42%
Loossemble Newtopia
42%
beauty&thebeat one way
42%
Algorithm (Eng) Algorithm (English Version)
41%
Strawberry Rush Honeybee
41%
TTYL Confessions
40%
# Day & Night
40%
TTYL Hocus Pocus
40%
Love & Live Into The New Heart
40%
<K> Nokia
40%
Fl!p that Playback
40%
2022 Japan Single Sick Love
40%
One Of A Kind Truman Show
40%
Howl Underwater
40%
& Be Honest
39%
Howl Hitchhiker
39%
LOOP Afterglow
38%
Howl Aliens
38%
One Of A Kind Boomerang
38%
<K> Sad Girls Club
38%
12:00 기억해
36%
Loossemble Colouring
36%
TTYL Secret Diary
36%
LOONA X COCOMONG 더주세요
34%
& A Different Night
34%
Algorithm (Eng) Algorithm (Eng Rock Version)
34%
Howl My Palace
32%
<K> 개화
31%
One Of A Kind He Said I Said
31%
Loossemble Real World
31%
Loossemble Day by Day
29%
TTYL FANATICISM
29%
One Of A Kind Moonlight
29%
<K> Addiction
27%
Strawberry Rush Lucid Dream
27%
Strawberry Rush Daydreamer
22%
No matching quizzes found
Score Distribution
Percent of People with Each Score
Percentile by Number Answered
Your Score History
You have not taken this quiz